[Event "NOR-ch Seniors-A"]
[Site "Oslo"]
[Date "2015.07.09"]
[Round "7"]
[White "Heitun, Odd Gunnar"]
[Black "Ferkingstad, Per M"]
[Result "1-0"]
[WhiteElo "1611"]
[BlackElo "1361"]
[PlyCount "147"]
[EventDate "2015.07.04"]
[EventType "swiss"]
[EventRounds "9"]
[EventCountry "NOR"]
[SourceTitle "EXT 2017"]
[Source "ChessBase"]
[SourceDate "2016.10.25"]
[SourceVersion "1"]
[SourceVersionDate "2016.10.25"]
[SourceQuality "1"]

1. Nf3 Nf6 2. c4 g6 3. b3 Bg7 4. Bb2 d6 5. g3 c6 6. Bg2 0-0 7. 0-0 Re8 8. d3 Na6 9. Nbd2 Bd7 10. a3 Qc8 11. b4 Bh3 12. Rb1 Bxg2 13. Kxg2 Nc7 14. Rh1 e5 15. e4 Qd7 16. Nf1 Nh5 17. Bc1 f5 18. exf5 Qxf5 19. Nh4 Qd7 20. h3 Rf8 21. Be3 a6 22. Nh2 d5 23. Ng4 Qe7 24. Bc5 Qf7 25. Bxf8 Rxf8 26. Qf3 Qe6 27. Qe2 e4 28. dxe4 dxe4 29. Kh2 Ne8 30. c5 Nef6 31. Rhf1 Nd5 32. Qc4 Nhf6 33. Nxf6+ Qxf6 34. Ng2 Kh8 35. Rbc1 Nc3 36. Ne3 h5 37. Nd1 Nxd1 38. Rcxd1 Qb2 39. Qxe4 Rxf2+ 40. Rxf2 Qxf2+ 41. Qg2 Qf7 42. Qd2 h4 43. Qd8+ Bf8 44. Qxh4+ Kg8 45. Qf4 Qa2+ 46. Rd2 Qxa3 47. Rf2 Bg7 48. Qf7+ Kh7 49. Qxb7 Qa4 50. h4 Kh6 51. Qb6 Kh7 52. Qa5 Qb3 53. Qxa6 Qxb4 54. Qxc6 Bd4 55. Qc7+ Kh6 56. Qf4+ Kh7 57. Qf7+ Bg7 58. Qc7 Qe1 59. Rg2 Kh6 60. Qf4+ Kh7 61. c6 Be5 62. Qf7+ Kh6 63. Qf8+ Kh7 64. Qe7+ Kh6 65. Qf8+ Kh7 66. Qf3 Qc1 67. Qe2 Qc5 68. Qc2 Qe7 69. Kh1 Bc7 70. Qd2 Bd6 71. Re2 Qc7 72. Qd5 Kh6 73. Re6 Bxg3 74. Qg5+ 1-0

[Event "NOR-ch Seniors-A"]
[Site "Oslo"]
[Date "2015.07.06"]
[Round "4"]
[White "Haug, Kjell Martin"]
[Black "Ferkingstad, Per M"]
[Result "1-0"]
[WhiteElo "1605"]
[BlackElo "1361"]
[PlyCount "117"]
[EventDate "2015.07.04"]
[EventType "swiss"]
[EventRounds "9"]
[EventCountry "NOR"]
[SourceTitle "EXT 2017"]
[Source "ChessBase"]
[SourceDate "2016.10.25"]
[SourceVersion "1"]
[SourceVersionDate "2016.10.25"]
[SourceQuality "1"]

1. d4 Nf6 2. c4 c5 3. d5 b5 4. e3 bxc4 5. Bxc4 d6 6. Nc3 g6 7. Nf3 Bg7 8. 0-0 Nbd7 9. h3 Nb6 10. Be2 Bd7 11. e4 0-0 12. Bf4 Ne8 13. Qc2 e5 14. dxe6 fxe6 15. Bg5 Bf6 16. Be3 Qe7 17. Rad1 Bc6 18. Nh2 Qg7 19. Ng4 Be7 20. Bh6 Qf7 21. Bxf8 Qxf8 22. f3 Bh4 23. Qd2 Bg3 24. f4 h5 25. Nh2 Rd8 26. Rf3 Bh4 27. Qc2 Qg7 28. Rff1 Be7 29. Nf3 Qh6 30. f5 Nf6 31. fxg6 Qe3+ 32. Kh1 Bxe4 33. Bd3 d5 34. Bxe4 Nxe4 35. Nxe4 dxe4 36. Rde1 Qd3 37. Qxd3 exd3 38. Rxe6 Bf8 39. Rd1 c4 40. Ne5 Bg7 41. Nc6 Rd7 42. Re8+ Bf8 43. Rb8 Nd5 44. Rxf8+ Kg7 45. Re8 c3 46. Nd4 cxb2 47. Ne6+ Kh6 48. g7 Rxg7 49. Nxg7 Nc3 50. Nf5+ Kg6 51. Nh4+ Kg7 52. Re7+ Kg8 53. Re8+ Kg7 54. Nf5+ Kg6 55. Ne7+ Kh7 56. Rf1 d2 57. Rf7+ Kh6 58. Rh8+ Kg5 59. Rg8+ 1-0

[Event "NOR-ch Seniors-A"]
[Site "Oslo"]
[Date "2015.07.05"]
[Round "2"]
[White "Ferkingstad, Per M"]
[Black "Lea, Per"]
[Result "1/2-1/2"]
[WhiteElo "1361"]
[BlackElo "1592"]
[PlyCount "72"]
[EventDate "2015.07.04"]
[EventType "swiss"]
[EventRounds "9"]
[EventCountry "NOR"]
[SourceTitle "EXT 2017"]
[Source "ChessBase"]
[SourceDate "2016.10.25"]
[SourceVersion "1"]
[SourceVersionDate "2016.10.25"]
[SourceQuality "1"]

1. e4 e5 2. f4 d5 3. exd5 e4 4. Nc3 Nf6 5. d3 Bb4 6. Nge2 exd3 7. Qxd3 Qxd5 8. Qxd5 Nxd5 9. Bd2 Nxc3 10. Bxc3 Bxc3+ 11. Nxc3 c6 12. Bd3 0-0 13. 0-0 Nd7 14. Ne4 Nb6 15. Nd6 Rd8 16. Nxc8 Raxc8 17. Rae1 Kf8 18. Rf3 Nd5 19. a3 g6 20. f5 Re8 21. Rxe8+ Kxe8 22. fxg6 hxg6 23. Bc4 Rd8 24. Kf2 Ke7 25. g4 Nf6 26. Ke2 Rd4 27. Bxf7 Kxf7 28. g5 Rd6 29. gxf6 Rxf6 30. Rd3 Ke7 31. Re3+ Re6 32. Kf3 Rxe3+ 33. Kxe3 Kf6 34. h4 Kf5 35. Kf3 g5 36. hxg5 Kxg5 1/2-1/2